[Event "127th NZ Congress Major 2020"]
[Site "Tauranga"]
[Date "2020.01.19"]
[Round "6.1"]
[White "Dai, Oliver"]
[Black "Gold, Hamish"]
[Result "0-1"]
[WhiteElo "1737"]
[BlackElo "1683"]
[Annotator "NA RC"]
[PlyCount "42"]
[EventDate "2020.01.14"]
[EventType "swiss"]
[EventCountry "NZL"]
[SourceTitle "playchess.com"]
[Source "ChessBase"]
[SourceQuality "1"]
[TimeControl "40/5400+30:1800+30"]

1. e4 {[%emt 0:00:00]} e5 {[%emt 0:00:10]} 2. f4 {[%emt 0:00:00]} d5 {[%emt 0:01:56]} 3. exd5 {[%emt 0:00:00]} Nf6 {[%emt 0:01:07]} 4. d3 {[%emt 0:01:50]} Nxd5 {[%emt 0:00:43]} 5. Nf3 {[%emt 0:04:15]} exf4 {[%emt 0:02:27]} 6. Be2 {[%emt 0:01:20]} Be7 {[%emt 0:03:23]} 7. O-O {[%emt 0:01:13]} c5 {[%emt 0:03:49]} 8. Nc3 {[%emt 0:04:54]} g5 {[%emt 0:05:17]} 9. Ne4 {[%emt 0:11:25]} Nc6 {[%emt 0:03:09]} 10. c4 {[%emt 0:05:37]} Nc7 {[%emt 0:04:24]} 11. Nfxg5 {[%emt 0:09:25]} Bxg5 {[%emt 0:02:55]} 12. Nxg5 {[%emt 0:01:11]} Qxg5 {[%emt 0:02:39]} 13. Rxf4 {[%emt 0:01:53]} Qg7 {[%emt 0:02:44]} 14. Bh5 {[%emt 0:06:53]} Be6 {[%emt 0:04:10]} 15. Be3 {[%emt 0:06:08]} O-O-O {[%emt 0:02:38]} 16. Bxc5 {[%emt 0:01:36]} Qe5 {[%emt 0:00:37]} 17. b4 {[%emt 0:05:52]} Qxf4 {[%emt 0:00:34]} 18. b5 {[%emt 0:00:59]} Ne5 {[%emt 0:02:20]} 19. g3 {[%emt 0:04:29]} Qg5 {[%emt 0:01:45]} 20. Be2 {[%emt 0:08:10]} Nxd3 {[%emt 0:01:53]} 21. Bxa7 {[%emt 0:01:03]} Nf4 {[%emt 0:00:47]} 0-1

[Event "127th NZ Congress Major 2020"]
[Site "Tauranga"]
[Date "2020.01.19"]
[Round "6.2"]
[White "Patterson, Miles"]
[Black "Tang, Hao"]
[Result "1/2-1/2"]
[WhiteElo "1954"]
[BlackElo "1624"]
[Annotator "NA RC"]
[PlyCount "58"]
[EventDate "2020.01.14"]
[EventType "swiss"]
[EventCountry "NZL"]
[SourceTitle "playchess.com"]
[Source "ChessBase"]
[SourceQuality "1"]
[TimeControl "40/5400+30:1800+30"]

{[%evp 15,57,-45,32767,32767,32767,-23,-20,-31,-26,-50,32767,32767,-54,-105,-64,-89,-51,32767,32767,32767,-72,-104,-96,-216,-125,-122,-125,-126,-36,-39,-58,32767,-28,-45,-57,-67,-40,-63,0,0,16,0,1,0]} 1. c4 {[%emt 0:00:00]} Nf6 {[%emt 0:00:00]} 2. Nf3 {[%emt 0:00:00]} e6 {[%emt 0:00:00]} 3. g3 {[%emt 0:00:12]} d5 {[%emt 0:00:00]} 4. Bg2 {[%emt 0:00:18]} d4 {[%emt 0:00:45]} 5. d3 {[%emt 0:00:52]} (5. e3 c5 6. O-O Nc6 7. exd4 cxd4 8. d3 Bd6 9. Na3 O-O 10. Nc2 e5 11. b4 a6 12. c5 Bc7 13. a4 e4 14. dxe4 d3 15. Nce1 Nxb4 16. Ba3 {½-½ (35) Anton Guijarro,D (2678)-Wang,H (2725) Changsha 2019}) 5... c5 {[%emt 0:00:52]} 6. b4 {[%emt 0:01:29] A13: English Opening: 1...e6} cxb4 {[%emt 0:00:35]} 7. a3 {[%emt 0:00:06]} Nc6 {[%emt 0:00:23]} 8. O-O {[%emt 0:00:31]} Be7 {[%emt 0:02:38]} 9. axb4 {[%emt 0:02:06]} Nxb4 {[%emt 0:01:14]} 10. Qb3 $146 {[%emt 0:03:20]} ({Predecessor:} 10. Na3 O-O 11. Nb5 Nc6 12. Bf4 Ne8 13. Ne5 Nxe5 14. Bxe5 {1-0 (48) Idani,P (2611)-Zhang,L (2178) Tianjin 2018}) 10... O-O {[%emt 0:01:43]} 11. Bb2 {[%emt 0:04:55]} Nc6 {[%emt 0:02:13]} 12. e3 {[%emt 0:03:05]} dxe3 {[%emt 0:01:41]} 13. fxe3 {[%emt 0:00:06]} Ng4 {[%emt 0:09:04]} 14. d4 {[%emt 0:04:23]} Na5 {[%emt 0:08:21]} 15. Qc3 {[%emt 0:01:10]} b6 {[%emt 0:00:57] Decoy} 16. Nbd2 {[%emt 0:13:52]} Bb7 {[%emt 0:02:13]} 17. Ba3 {[%emt 0:13:51]} Rc8 {[%emt 0:02:13]} 18. h3 {[%emt 0:02:23]} Nf6 {[%emt 0:01:35]} 19. Qb2 {[%emt 0:07:14]} (19. Bxe7 $17 Qxe7 20. Qd3) 19... Ne4 {[%emt 0:07:14]} ({Less strong is} 19... Nxc4 20. Nxc4 Bxf3 21. Bxe7 $17) (19... Bxf3 $19 20. Bxf3 Nxc4 21. Nxc4 Rxc4) 20. Bxe7 {[%emt 0:04:17]} Qxe7 {[%emt 0:00:31]} 21. Nxe4 {[%emt 0:03:14]} Nxc4 {[%emt 0:01:14]} ({Black should try} 21... Bxe4 $17 22. c5 Rb8) 22. Qb1 {[%emt 0:00:47]} Nxe3 {[%emt 0:00:54]} 23. Rf2 {[%emt 0:02:33]} f5 {[%emt 0:17:27]} 24. Ned2 {[%emt 0:01:34]} Nxg2 {[%emt 0:11:48]} 25. Rxg2 {[%emt 0:06:12]} Bd5 {[%emt 0:01:42]} 26. Qb2 {[%emt 0:02:21]} Qb7 {[%emt 0:00:38]} (26... Qc7 $17) 27. Rf2 {[%emt 0:00:36]} f4 {[%emt 0:05:13]} 28. g4 {[%emt 0:00:30]} a5 {[%emt 0:01:33]} 29. Ne5 $11 {[%emt 0:04:53]} Rc7 {[%emt 0:02:47]} 1/2-1/2

[Event "127th NZ Congress Major 2020"]
[Site "Tauranga"]
[Date "2020.01.19"]
[Round "6.4"]
[White "Deng, Abraham"]
[Black "Carpinter, Bernard"]
[Result "1-0"]
[WhiteElo "1558"]
[BlackElo "1708"]
[Annotator "NA RC"]
[PlyCount "105"]
[EventDate "2020.01.14"]
[EventType "swiss"]
[EventCountry "NZL"]
[SourceTitle "playchess.com"]
[Source "ChessBase"]
[SourceQuality "1"]
[TimeControl "40/5400+30:1800+30"]

1. e4 {[%emt 0:00:00]} e5 {[%emt 0:00:00]} 2. Nf3 {[%emt 0:00:00]} Nc6 {[%emt 0:00:00]} 3. Bc4 {[%emt 0:00:00]} Bc5 {[%emt 0:00:00]} 4. d3 {[%emt 0:00:00]} Nf6 {[%emt 0:00:04]} 5. c3 {[%emt 0:00:00]} O-O {[%emt 0:00:13]} 6. Nbd2 {[%emt 0:00:00]} d5 {[%emt 0:01:45]} 7. exd5 {[%emt 0:00:54]} Nxd5 {[%emt 0:01:54]} 8. O-O {[%emt 0:00:03]} Nb6 {[%emt 0:02:01]} 9. Bb5 {[%emt 0:01:44]} Bd6 {[%emt 0:07:16]} 10. Ne4 {[%emt 0:05:03]} h6 {[%emt 0:03:35]} 11. Re1 {[%emt 0:02:51]} Ne7 {[%emt 0:06:50]} 12. Ng3 {[%emt 0:11:49]} c6 {[%emt 0:03:00]} 13. Ba4 {[%emt 0:00:00]} Nxa4 {[%emt 0:00:12]} 14. Qxa4 {[%emt 0:00:00]} Ng6 {[%emt 0:00:24]} 15. h4 {[%emt 0:07:23]} Bc7 {[%emt 0:08:10]} 16. h5 {[%emt 0:01:06]} Nf4 {[%emt 0:00:52]} 17. Nxe5 {[%emt 0:03:32]} Bxe5 {[%emt 0:00:41]} 18. Bxf4 {[%emt 0:00:31]} Bxf4 {[%emt 0:00:21]} 19. Qxf4 {[%emt 0:00:07]} Qxd3 {[%emt 0:00:35]} 20. Rad1 {[%emt 0:00:35]} Qb5 {[%emt 0:00:52]} 21. Rd2 {[%emt 0:03:58]} Be6 {[%emt 0:02:26]} 22. Re5 {[%emt 0:04:27]} Qc4 {[%emt 0:02:42]} 23. Qxc4 {[%emt 0:01:02]} Bxc4 {[%emt 0:00:09]} 24. Rd7 {[%emt 0:02:37]} b6 {[%emt 0:03:47]} 25. Ree7 {[%emt 0:01:55]} Bxa2 {[%emt 0:00:20]} 26. Rxa7 {[%emt 0:00:09]} Rxa7 {[%emt 0:02:16]} 27. Rxa7 {[%emt 0:00:06]} Bd5 {[%emt 0:01:00]} 28. Rb7 {[%emt 0:01:14]} b5 {[%emt 0:00:21]} 29. Nf5 {[%emt 0:00:44]} Rd8 {[%emt 0:08:26]} 30. Ne7+ {[%emt 0:01:59]} Kf8 {[%emt 0:01:48]} 31. Rc7 {[%emt 0:00:22]} Rd6 {[%emt 0:02:11]} 32. Nxd5 {[%emt 0:00:12]} Rxd5 {[%emt 0:00:11]} 33. Rxc6 {[%emt 0:52:07]} Rxh5 {[%emt 0:00:22]} 34. Kf1 {[%emt 0:00:00]} Re5 {[%emt 0:06:07]} 35. c4 {[%emt 0:00:00]} bxc4 {[%emt 0:01:00]} 36. Rxc4 {[%emt 0:00:00]} Rb5 {[%emt 0:00:17]} 37. b4 {[%emt 0:00:00]} Ke7 {[%emt 0:09:09]} 38. Ke2 {[%emt 0:00:00]} Kd6 {[%emt 0:01:20]} 39. Kd3 {[%emt 0:00:00]} h5 {[%emt 0:00:00]} 40. Rd4+ {[%emt 0:00:00]} Kc6 {[%emt 0:00:00]} 41. Rf4 {[%emt 0:00:00]} f5 {[%emt 0:11:55]} 42. Rh4 {[%emt 0:00:00]} g6 {[%emt 0:04:16]} 43. Rc4+ {[%emt 0:00:00]} Kd5 {[%emt 0:07:56]} 44. f4 {[%emt 0:00:00]} Rb8 {[%emt 0:07:51]} 45. Rc5+ {[%emt 0:00:00]} Kd6 {[%emt 0:00:15]} 46. Kc4 {[%emt 0:00:00]} Re8 {[%emt 0:00:15]} 47. Rd5+ {[%emt 0:00:00]} Kc6 {[%emt 0:00:29]} 48. Re5 {[%emt 0:00:00]} Rxe5 {[%emt 0:06:42]} 49. fxe5 {[%emt 0:00:00]} f4 {[%emt 0:00:10]} 50. b5+ {[%emt 0:00:00]} Kd7 {[%emt 0:01:58]} 51. b6 {[%emt 0:00:00]} f3 {[%emt 0:00:12]} 52. gxf3 {[%emt 0:00:00]} h4 {[%emt 0:00:07]} 53. e6+ {[%emt 0:00:00]} 1-0

[Event "127th NZ Congress Major 2020"]
[Site "Tauranga"]
[Date "2020.01.19"]
[Round "6.5"]
[White "Zhang, Boyuan"]
[Black "Ashe, Michael"]
[Result "1/2-1/2"]
[WhiteElo "1588"]
[BlackElo "1460"]
[Annotator "NA RC"]
[PlyCount "44"]
[EventDate "2020.01.14"]
[EventType "swiss"]
[EventCountry "NZL"]
[SourceTitle "playchess.com"]
[Source "ChessBase"]
[SourceQuality "1"]
[TimeControl "40/5400+30:1800+30"]

1. e4 {[%emt 0:00:00]} e6 {[%emt 0:00:00]} 2. d4 {[%emt 0:00:00]} d5 {[%emt 0:00:00]} 3. exd5 {[%emt 0:00:00]} exd5 {[%emt 0:00:00]} 4. Bd3 {[%emt 0:00:00]} Nc6 {[%emt 0:00:13]} 5. Nf3 {[%emt 0:00:41]} Bd6 {[%emt 0:00:22]} 6. O-O {[%emt 0:00:32]} Nge7 {[%emt 0:00:18]} 7. c3 {[%emt 0:00:40]} O-O {[%emt 0:01:10]} 8. Bg5 {[%emt 0:01:43]} h6 {[%emt 0:02:36]} 9. Bh4 {[%emt 0:00:34]} Be6 {[%emt 0:01:24]} 10. Nbd2 {[%emt 0:01:26]} Qd7 {[%emt 0:03:27]} 11. Bg3 {[%emt 0:03:05]} Bxg3 {[%emt 0:02:56]} 12. fxg3 {[%emt 0:00:52]} Bf5 {[%emt 0:04:05]} 13. Ne1 {[%emt 0:02:16]} Bxd3 {[%emt 0:08:09]} 14. Nxd3 {[%emt 0:00:04]} b6 {[%emt 0:01:21]} 15. Nf3 {[%emt 0:03:19]} Ng6 {[%emt 0:02:36]} 16. Qd2 {[%emt 0:02:43]} Rfe8 {[%emt 0:04:05]} 17. Rae1 {[%emt 0:01:15]} Rxe1 {[%emt 0:00:24]} 18. Rxe1 {[%emt 0:00:44]} Re8 {[%emt 0:01:06]} 19. Nf4 {[%emt 0:03:54]} Rxe1+ {[%emt 0:02:11]} 20. Qxe1 {[%emt 0:01:14]} Nxf4 {[%emt 0:02:55]} 21. gxf4 {[%emt 0:00:47]} Qe7 {[%emt 0:01:44]} 22. Qxe7 {[%emt 0:04:44]} Nxe7 {[%emt 0:00:12]} 1/2-1/2

[Event "127th NZ Congress Major 2020"]
[Site "Tauranga"]
[Date "2020.01.20"]
[Round "7.1"]
[White "Gold, Hamish"]
[Black "Patterson, Miles"]
[Result "0-1"]
[WhiteElo "1683"]
[BlackElo "1954"]
[Annotator "NA"]
[PlyCount "50"]
[EventDate "2020.01.14"]
[EventType "swiss"]
[EventCountry "NZL"]
[SourceTitle "playchess.com"]
[Source "ChessBase"]
[SourceQuality "1"]
[TimeControl "40/5400+30:1800+30"]

{[%evp 15,46,59,59,-1,0,0,0,14,0,-26,-36,32767,32767,-95,-87,-106,-66,-115,-85,-166,32767,81,86,20,98,-42,-32,-347,-302,32767,-1066,-1660,-1435]} 1. e4 {[%emt 0:00:00]} e6 {[%emt 0:00:00]} 2. Nc3 {[%emt 0:00:44]} d5 {[%emt 0:00:00]} 3. Nf3 {[%emt 0:00:57]} Nf6 {[%emt 0:00:38]} 4. e5 {[%emt 0:01:54]} Nfd7 {[%emt 0:00:04]} 5. d4 {[%emt 0:02:28]} b6 {[%emt 0:02:57]} 6. Bg5 {[%emt 0:06:21] C11: French: Classical System: 4 e5 and 4 Bg5 dxe4} (6. Bd3 Ba6 7. O-O Be7 8. Ne2 Bxd3 9. Qxd3 c5 10. c4 Nc6 11. cxd5 Nb4 12. Qe4 Nxd5 13. Qg4 Kf8 {1-0 (31) Cawdery,D (2428)-Kasparov,S (2451) Port Elizabeth 2019}) 6... Be7 {[%emt 0:01:25]} 7. h4 {[%emt 0:02:07]} O-O {[%emt 0:07:30]} 8. Bd3 {[%emt 0:06:33]} f6 {[%emt 0:14:08]} 9. exf6 {[%emt 0:04:49]} Nxf6 {[%emt 0:01:17]} 10. Qe2 $146 {[%emt 0:05:07]} ({Predecessor:} 10. Ne5 c5 11. Bxf6 Rxf6 12. Qh5 h6 13. g4 cxd4 14. g5 dxc3 15. gxf6 Bxf6 16. Qf7+ Kh8 17. Ng6+ Kh7 18. Ne7+ {1-0 (18) Choobak,K-Gliksman,D (2270) Anaheim 1984}) 10... c5 {[%emt 0:02:41]} 11. Bxf6 {[%emt 0:07:32]} Rxf6 {[%emt 0:13:44]} 12. Ng5 {[%emt 0:15:26]} Rh6 {[%emt 0:01:30]} 13. f4 {[%emt 0:05:52]} Nc6 {[%emt 0:05:36]} 14. dxc5 {[%emt 0:03:16]} bxc5 {[%emt 0:00:18]} 15. O-O-O {[%emt 0:03:25]} Nd4 {[%emt 0:07:17]} 16. Qf2 {[%emt 0:03:13]} Bf6 {[%emt 0:02:24]} (16... Rb8 $142 17. b3 Qa5) 17. g4 {[%emt 0:01:27]} ({White should play} 17. Nb1 $1 $15) 17... Nc6 {[%emt 0:07:34]} 18. Nf3 {[%emt 0:03:39]} (18. Qxc5 $18 Qb6 19. Qxb6 axb6 20. Nge4 dxe4 21. Bxe4 Rxh4 22. Bxc6 Rxh1 23. Bxh1 (23. Rxh1 Ra7 $14)) 18... Bxc3 {[%emt 0:04:14]} 19. bxc3 {[%emt 0:00:31]} (19. Qxc5 $16 e5 20. Qxc3) 19... Qa5 {[%emt 0:01:47] [#]} (19... Rf6 $1 $11) 20. g5 {[%emt 0:01:35]} (20. Ne5 $1 $16 c4 21. g5 (21. Nxc6 Qa3+ 22. Kd2 cxd3 $11) 21... cxd3 22. gxh6 Qa3+ 23. Kd2) 20... Qxc3 {[%emt 0:02:49]} 21. gxh6 $4 {[%emt 0:01:17] [#]} (21. Qe1 $11 {and White has nothing to worry.} Qa3+ {[%mdl 64] Double Attack} 22. Kd2) 21... Nb4 $1 {[%emt 0:00:25]} 22. Bxh7+ {[%emt 0:04:50]} Kxh7 {[%emt 0:02:37]} 23. Ng5+ {[%emt 0:02:12]} Kg8 $19 {[%emt 0:00:32]} 24. h7+ {[%emt 0:00:34]} Kh8 {[%emt 0:00:06]} 25. Rde1 {[%emt 0:03:24]} Nd3+ {[%emt 0:00:19]} 0-1

[Event "127th NZ Congress Major 2020"]
[Site "Tauranga"]
[Date "2020.01.20"]
[Round "7.2"]
[White "Tang, Hao"]
[Black "Deng, Abraham"]
[Result "1-0"]
[WhiteElo "1624"]
[BlackElo "1558"]
[Annotator "NA"]
[PlyCount "119"]
[EventDate "2020.01.14"]
[EventType "swiss"]
[EventCountry "NZL"]
[SourceTitle "playchess.com"]
[Source "ChessBase"]
[SourceQuality "1"]
[TimeControl "40/5400+30:1800+30"]

1. d4 {[%emt 0:00:00]} Nf6 {[%emt 0:00:00]} 2. Nf3 {[%emt 0:00:00]} e6 {[%emt 0:00:00]} 3. Bf4 {[%emt 0:00:09]} b6 {[%emt 0:00:00]} 4. e3 {[%emt 0:00:12]} Bb7 {[%emt 0:00:00]} 5. Nbd2 {[%emt 0:00:45]} Be7 {[%emt 0:00:00]} 6. h3 {[%emt 0:00:10]} O-O {[%emt 0:00:13]} 7. Bd3 {[%emt 0:00:08]} c5 {[%emt 0:00:17]} 8. c3 {[%emt 0:00:08]} cxd4 {[%emt 0:00:10]} 9. cxd4 {[%emt 0:00:07]} d6 {[%emt 0:00:53]} 10. O-O {[%emt 0:00:11]} Nc6 {[%emt 0:00:37]} 11. Bg3 {[%emt 0:02:14]} Nb4 {[%emt 0:04:20]} 12. Bb1 {[%emt 0:01:43]} Ba6 {[%emt 0:06:20]} 13. Re1 {[%emt 0:01:11]} Nd3 {[%emt 0:01:48]} 14. Bxd3 {[%emt 0:01:29]} Bxd3 {[%emt 0:00:08]} 15. Qb3 {[%emt 0:02:29]} Ba6 {[%emt 0:01:15]} 16. e4 {[%emt 0:00:44]} Rc8 {[%emt 0:02:58]} 17. Qa4 {[%emt 0:05:45]} Bd3 {[%emt 0:03:41]} 18. Re3 {[%emt 0:06:40]} Bc2 {[%emt 0:06:53]} 19. Qxa7 {[%emt 0:04:10]} Ra8 {[%emt 0:01:54]} 20. Qb7 {[%emt 0:00:10]} Ba4 {[%emt 0:01:53]} 21. Rc3 {[%emt 0:05:32]} d5 {[%emt 0:13:13]} 22. Bc7 {[%emt 0:01:52]} Qd7 {[%emt 0:03:31]} 23. e5 {[%emt 0:02:38]} Ne8 {[%emt 0:02:22]} 24. Qxa8 {[%emt 0:00:22]} Nxc7 {[%emt 0:00:18]} 25. Qa7 {[%emt 0:04:36]} Bd8 {[%emt 0:05:32]} 26. Rac1 {[%emt 0:01:07]} Ne8 {[%emt 0:09:45]} 27. Qxd7 {[%emt 0:00:33]} Bxd7 {[%emt 0:00:05]} 28. a3 {[%emt 0:06:39]} g6 {[%emt 0:01:08]} 29. b4 {[%emt 0:00:54]} Ng7 {[%emt 0:00:40]} 30. Ra1 {[%emt 0:01:44]} Ba4 {[%emt 0:02:16]} 31. Rc8 {[%emt 0:00:50]} Nf5 {[%emt 0:01:26]} 32. Nb1 {[%emt 0:02:17]} b5 {[%emt 0:04:20]} 33. Nc3 {[%emt 0:04:22]} Bb6 {[%emt 0:00:51]} 34. Nxa4 {[%emt 0:02:17]} bxa4 {[%emt 0:00:21]} 35. Rxf8+ {[%emt 0:02:16]} Kxf8 {[%emt 0:00:05]} 36. Rd1 {[%emt 0:00:17]} h6 {[%emt 0:00:42]} 37. g4 {[%emt 0:00:36]} Ne7 {[%emt 0:00:13]} 38. Rc1 {[%emt 0:00:12]} Ke8 {[%emt 0:00:21]} 39. Kf1 {[%emt 0:00:50]} Kd7 {[%emt 0:00:26]} 40. Ke2 {[%emt 0:00:00]} Nc6 {[%emt 0:00:00]} 41. Kd3 {[%emt 0:01:39]} Na7 {[%emt 0:01:55]} 42. Ne1 {[%emt 0:04:33]} Nb5 {[%emt 0:01:40]} 43. Nc2 {[%emt 0:00:28]} Ba7 {[%emt 0:01:07]} 44. f4 {[%emt 0:00:20]} Bb6 {[%emt 0:01:51]} 45. Rf1 {[%emt 0:00:40]} Bd8 {[%emt 0:02:41]} 46. f5 {[%emt 0:01:01]} Ke8 {[%emt 0:03:15]} 47. fxe6 {[%emt 0:02:46]} fxe6 {[%emt 0:00:57]} 48. Ne3 {[%emt 0:01:08]} Be7 {[%emt 0:00:57]} 49. Ra1 {[%emt 0:00:47]} Kd7 {[%emt 0:01:06]} 50. Nd1 {[%emt 0:00:20]} Kc6 {[%emt 0:03:26]} 51. Nb2 {[%emt 0:01:05]} Bd8 {[%emt 0:03:02]} 52. Nxa4 {[%emt 0:00:24]} Kd7 {[%emt 0:00:54]} 53. Nc5+ {[%emt 0:00:31]} Ke7 {[%emt 0:00:19]} 54. a4 {[%emt 0:00:21]} Na7 {[%emt 0:00:23]} 55. b5 {[%emt 0:00:51]} Ba5 {[%emt 0:01:17]} 56. Rf1 {[%emt 0:00:43]} Bb6 {[%emt 0:01:17]} 57. Rf6 {[%emt 0:00:31]} Bxc5 {[%emt 0:00:22]} 58. dxc5 {[%emt 1:02:33]} h5 {[%emt 0:01:21]} 59. Rxg6 {[%emt 0:00:00]} Kf7 {[%emt 0:00:00]} 60. gxh5 {[%emt 0:01:00]} 1-0

[Event "127th NZ Congress Major 2020"]
[Site "Tauranga"]
[Date "2020.01.20"]
[Round "7.3"]
[White "Perrin, Brent"]
[Black "Dai, Oliver"]
[Result "1-0"]
[WhiteElo "1804"]
[BlackElo "1737"]
[Annotator "NA"]
[PlyCount "55"]
[EventDate "2020.01.14"]
[EventType "swiss"]
[EventCountry "NZL"]
[SourceTitle "playchess.com"]
[Source "ChessBase"]
[SourceQuality "1"]
[TimeControl "40/5400+30:1800+30"]

{[%evp 8,48,83,81,78,32767,32767,32767,32767,32767,32767,32767,32767,32767,32767,32767,32767,32767,32767,503,493,539,525,529,891,892,995,844,934,981,823,793,861,32767,32767,32767,32767,827,916,879,953,982,1382]} 1. e4 {[%emt 0:00:00]} c6 {[%emt 0:00:00]} 2. d4 {[%emt 0:00:00]} d5 {[%emt 0:00:00]} 3. f3 {[%emt 0:00:00]} dxe4 {[%emt 0:00:28]} 4. fxe4 {[%emt 0:00:00]} g6 {[%emt 0:01:14]} (4... e5 5. Nf3 Bg4 6. Bc4 Nd7 7. c3 b5 8. Bb3 Ngf6 9. O-O Bd6 10. Bg5 O-O 11. Nbd2 h6 12. Bh4 Qc7 13. Qe1 Rae8 14. dxe5 Bxe5 15. Nxe5 Qxe5 {½-½ (34) Paravyan,D (2629)-Wojtaszek,R (2725) Moscow 2019}) 5. Nf3 {[%emt 0:01:05]} Bg7 {[%emt 0:00:16]} 6. Bc4 {[%emt 0:01:53] B12: Caro-Kann: Advance Variation} e6 {[%emt 0:01:49]} 7. O-O {[%emt 0:03:02]} Ne7 {[%emt 0:02:35]} 8. Bf4 $146 {[%emt 0:03:33]} ({Predecessor:} 8. c3 b5 9. Bb3 Nd7 10. Ng5 O-O 11. Nxf7 Qc7 12. Bxe6 {1-0 (37) Duch,M (2275)-Arnold,R Plock 1994}) 8... O-O {[%emt 0:01:16]} 9. c3 {[%emt 0:00:19]} b6 {[%emt 0:03:27]} 10. Nbd2 {[%emt 0:01:07]} Bb7 {[%emt 0:03:43]} 11. Qe1 {[%emt 0:01:14]} Nd7 {[%emt 0:03:05]} 12. Qh4 {[%emt 0:03:34]} c5 {[%emt 0:07:31]} 13. Ng5 {[%emt 0:16:28]} h5 {[%emt 0:04:59] [#]} 14. Nxf7 $1 {[%emt 0:03:15]} Rxf7 {[%emt 0:00:28]} 15. Bxe6 {[%emt 0:01:02]} Kh7 {[%emt 0:06:58]} 16. Bxf7 {[%emt 0:01:48]} cxd4 {[%emt 0:00:49]} 17. Bg5 {[%emt 0:02:01]} Ne5 {[%emt 0:03:19]} 18. Bxe7 {[%emt 0:03:37]} Qd7 {[%emt 0:00:14]} 19. c4 {[%emt 0:05:59] Remove Defender} d3 {[%emt 0:05:32]} 20. Bd5 {[%emt 0:08:36]} Ng4 {[%emt 0:01:51]} 21. Bf6 {[%emt 0:02:55]} Bxd5 {[%emt 0:01:19]} 22. Bxg7 {[%emt 0:00:49]} Qxg7 {[%emt 0:03:26]} 23. cxd5 {[%emt 0:02:34]} Qd4+ {[%emt 0:02:49]} 24. Kh1 {[%emt 0:00:16]} Re8 $18 {[%emt 0:04:28]} 25. h3 {[%emt 0:01:54]} Ne5 {[%emt 0:04:33]} 26. Rac1 {[%emt 0:04:35]} Qe3 {[%emt 0:02:07]} 27. Rc7+ {[%emt 0:01:18]} Kg8 {[%emt 0:01:00]} 28. Qf6 {[%emt 0:01:07]} 1-0

[Event "127th NZ Congress Major 2020"]
[Site "Tauranga"]
[Date "2020.01.21"]
[Round "8.1"]
[White "Patterson, Miles"]
[Black "Knightbridge, Wayne"]
[Result "1-0"]
[WhiteElo "1954"]
[BlackElo "1676"]
[Annotator "NA RC"]
[PlyCount "37"]
[EventDate "2020.01.14"]
[EventType "swiss"]
[EventCountry "NZL"]
[SourceTitle "playchess.com"]
[Source "ChessBase"]
[SourceQuality "1"]
[TimeControl "40/5400+30:1800+30"]

{[%evp 11,33,-9,42,34,32767,32767,32767,63,32767,32767,32767,32767,32767,32767,125,134,146,148,295,124,115,127,586,605]} 1. c4 {[%emt 0:00:00]} Nf6 {[%emt 0:00:00]} 2. Nf3 {[%emt 0:00:00]} e6 {[%emt 0:00:19]} 3. g3 {[%emt 0:00:15]} d5 {[%emt 0:01:04]} 4. Bg2 {[%emt 0:00:10]} Be7 {[%emt 0:05:52]} 5. O-O {[%emt 0:00:08]} O-O {[%emt 0:00:05]} 6. d3 {[%emt 0:01:57]} dxc4 {[%emt 0:01:59]} 7. dxc4 {[%emt 0:00:07]} Qxd1 {[%emt 0:00:24]} 8. Rxd1 {[%emt 0:00:05]} Nc6 {[%emt 0:09:07]} 9. Bf4 {[%emt 0:02:45]} Nb4 {[%emt 0:02:03]} 10. Nc3 {[%emt 0:00:50]} c6 {[%emt 0:03:18]} 11. a3 {[%emt 0:00:23]} Na6 {[%emt 0:01:01]} 12. b4 {[%emt 0:01:59]} Rd8 {[%emt 0:13:34]} 13. Rxd8+ {[%emt 0:03:47]} Bxd8 {[%emt 0:00:07]} 14. Rd1 {[%emt 0:00:21]} Bd7 {[%emt 0:01:50] [#]} (14... Be7 $142 15. Ne5 h6) 15. Ne5 {[%emt 0:01:08]} (15. Ne4 $1 $18 {[%cal Re4f6][%mdl 512] and the rest is easy.} Be8 (15... Nxe4 16. Rxd7) 16. Nd6) 15... Be8 {[%emt 0:01:00]} 16. b5 {[%emt 0:03:54]} cxb5 $2 {[%emt 0:00:11]} (16... Nc5 $16 {is tougher.}) 17. Bxb7 $18 {[%emt 0:00:19] Double Attack} Rb8 {[%emt 0:04:07]} 18. Bxa6 {[%emt 0:00:19]} bxc4 {[%emt 0:00:17]} 19. Nxc4 {[%emt 0:00:30]} 1-0